[Event "Stay Safe Play From Home 394"]
[Site "Emanuel Lasker Arena"]
[Date "2020.08.19"]
[Round "1"]
[White "AChessPlayer"]
[Black "NTBT_DHS"]
[Result "0-1"]
[WhiteElo "2384"]
[BlackElo "2495"]
[PlyCount "108"]
[EventDate "2020.08.19"]
[EventType "swiss (blitz)"]

1. Nf3 {[%emt 0:00:01]} g6 {[%emt 0:00:01]} 2. g3 {[%emt 0:00:01]} Bg7 {[%emt 0:00:02]} 3. Bg2 {[%emt 0:00:00]} Nf6 {[%emt 0:00:00]} 4. O-O {[%emt 0:00:00]} O-O {[%emt 0:00:00]} 5. d4 {[%emt 0:00:00]} d6 {[%emt 0:00:00]} 6. Nbd2 {[%emt 0:00:00]} Nbd7 {[%emt 0:00:00]} 7. e4 {[%emt 0:00:00]} e5 {[%emt 0:00:00]} 8. c3 {[%emt 0:00:00]} b6 {[%emt 0:00:01]} 9. d5 {[%emt 0:00:02]} Bb7 {[%emt 0:00:01]} 10. c4 {[%emt 0:00:01]} Nc5 {[%emt 0:00:01]} 11. Qc2 {[%emt 0:00:05]} a5 {[%emt 0:00:01]} 12. b3 {[%emt 0:00:00]} Nfd7 {[%emt 0:00:01]} 13. Bb2 {[%emt 0:00:00]} f5 {[%emt 0:00:00]} 14. exf5 {[%emt 0:00:01]} gxf5 {[%emt 0:00:01]} 15. Nh4 {[%emt 0:00:03]} Qf6 {[%emt 0:00:01]} 16. f4 {[%emt 0:00:01]} Rae8 {[%emt 0:00:01]} 17. Nhf3 {[%emt 0:00:00]} Qh6 {[%emt 0:00:01]} 18. fxe5 {[%emt 0:00:02]} dxe5 {[%emt 0:00:00]} 19. Rae1 {[%emt 0:00:01]} e4 {[%emt 0:00:00]} 20. Nd4 {[%emt 0:00:02]} Nd3 {[%emt 0:00:03]} 21. Re2 {[%emt 0:00:01]} Nxb2 {[%emt 0:00:02]} 22. Qxb2 {[%emt 0:00:01]} Nc5 {[%emt 0:00:01]} 23. a3 {[%emt 0:00:05]} f4 {[%emt 0:00:01]} 24. gxf4 {[%emt 0:00:01]} Rxf4 {[%emt 0:00:00]} 25. Rxf4 {[%emt 0:00:01]} Qxf4 {[%emt 0:00:01]} 26. b4 {[%emt 0:00:01]} Nd3 {[%emt 0:00:02]} 27. Qc3 {[%emt 0:00:01]} axb4 {[%emt 0:00:03]} 28. axb4 {[%emt 0:00:01]} e3 {[%emt 0:00:04]} 29. N2f3 {[%emt 0:00:03]} Nf2 {[%emt 0:00:03]} 30. h3 {[%emt 0:00:06]} Nxh3+ {[%emt 0:00:04]} 31. Bxh3 {[%emt 0:00:01]} Qxf3 {[%emt 0:00:01]} 32. Nxf3 {[%emt 0:00:01]} Bxc3 {[%emt 0:00:01]} 33. Be6+ {[%emt 0:00:00]} Kg7 {[%emt 0:00:02]} 34. Rxe3 {[%emt 0:00:01]} Bxb4 {[%emt 0:00:00]} 35. Kg2 {[%emt 0:00:01]} Bc5 {[%emt 0:00:01]} 36. Re1 {[%emt 0:00:01]} Kf6 {[%emt 0:00:01]} 37. Ra1 {[%emt 0:00:01]} Rxe6 {[%emt 0:00:02]} 38. dxe6 {[%emt 0:00:01]} Kxe6 {[%emt 0:00:00]} 39. Ra7 {[%emt 0:00:01]} Be4 {[%emt 0:00:04]} 40. Rxc7 {[%emt 0:00:00]} Bd3 {[%emt 0:00:01]} 41. Rg7 {[%emt 0:00:01]} Kf6 {[%emt 0:00:01]} 42. Rc7 {[%emt 0:00:01]} h5 {[%emt 0:00:01]} 43. Rc6+ {[%emt 0:00:00]} Kf5 {[%emt 0:00:01]} 44. Ne1 {[%emt 0:00:00]} Be4+ {[%emt 0:00:00]} 45. Kh3 {[%emt 0:00:02]} Bxc6 {[%emt 0:00:00]} 46. Nd3 {[%emt 0:00:00]} Ke4 {[%emt 0:00:01]} 47. Nf2+ {[%emt 0:00:00]} Bxf2 {[%emt 0:00:01]} 48. c5 {[%emt 0:00:01]} Ke3 {[%emt 0:00:00]} 49. Kh2 {[%emt 0:00:00]} bxc5 {[%emt 0:00:01]} 50. Kh3 {[%emt 0:00:00]} c4 {[%emt 0:00:00]} 51. Kh2 {[%emt 0:00:00]} c3 {[%emt 0:00:00]} 52. Kh3 {[%emt 0:00:00]} c2 {[%emt 0:00:00]} 53. Kh2 {[%emt 0:00:00]} c1=Q {[%emt 0:00:00]} 54. Kh3 {[%emt 0:00:00]} Qh1# {[%emt 0:00:00] (Lag: Av=0.59s, max=1.3s) (Lag: Av=0.59s, max=1.3s) (Lag: Av=0.59s, max=1.3s)} 0-1

[Event "Stay Safe Play From Home 394"]
[Site "Emanuel Lasker Arena"]
[Date "2020.08.19"]
[Round "1"]
[White "IceQueen"]
[Black "TheCHESSHOUSE"]
[Result "1-0"]
[WhiteElo "2382"]
[BlackElo "2003"]
[PlyCount "43"]
[EventDate "2020.08.19"]
[EventType "swiss (blitz)"]

1. e4 {[%emt 0:00:01]} c5 {[%emt 0:00:01]} 2. Nf3 {[%emt 0:00:01]} d6 {[%emt 0:00:00]} 3. Nc3 {[%emt 0:00:00]} Nf6 {[%emt 0:00:01]} 4. Bc4 {[%emt 0:00:00]} g6 {[%emt 0:00:01]} 5. d3 {[%emt 0:00:00]} Bg7 {[%emt 0:00:01]} 6. O-O {[%emt 0:00:00]} O-O {[%emt 0:00:00]} 7. h3 {[%emt 0:00:00]} e6 {[%emt 0:00:00]} 8. Re1 {[%emt 0:00:01]} a6 {[%emt 0:00:01]} 9. a4 {[%emt 0:00:01]} Nc6 {[%emt 0:00:01]} 10. Bf4 {[%emt 0:00:00]} d5 {[%emt 0:00:02]} 11. Bb3 {[%emt 0:00:01]} d4 {[%emt 0:00:04]} 12. Ne2 {[%emt 0:00:01]} Bd7 {[%emt 0:00:02]} 13. Qd2 {[%emt 0:00:01]} Qe7 {[%emt 0:00:01]} 14. Bh6 {[%emt 0:00:02]} e5 {[%emt 0:00:01]} 15. Bxg7 {[%emt 0:00:01]} Kxg7 {[%emt 0:00:00]} 16. Ng3 {[%emt 0:00:00]} b5 {[%emt 0:00:01]} 17. Rf1 {[%emt 0:00:01]} Na5 {[%emt 0:00:02]} 18. Qxa5 {[%emt 0:00:02]} c4 {[%emt 0:00:01]} 19. dxc4 {[%emt 0:00:01]} bxc4 {[%emt 0:00:00]} 20. Bxc4 {[%emt 0:00:00]} Rfb8 {[%emt 0:00:02]} 21. b3 {[%emt 0:00:02]} Bc6 {[%emt 0:00:03]} 22. Qxe5 {[%emt 0:00:01] TheCHESSHOUSE resigns TheCHESSHOUSE resigns TheCHESSHOUSE resigns (Lag: Av=0.64s, max=0.8s) (Lag: Av=0.64s, max=0.8s) (Lag: Av=0.64s, max=0.8s)} 1-0

[Event "Stay Safe Play From Home 394"]
[Site "Emanuel Lasker Arena"]
[Date "2020.08.19"]
[Round "1"]
[White "Mepe_Nika"]
[Black "Fat Kevin"]
[Result "1-0"]
[WhiteElo "2363"]
[BlackElo "1989"]
[PlyCount "51"]
[EventDate "2020.08.19"]
[EventType "swiss (blitz)"]

1. d4 {[%emt 0:00:01]} c6 {[%emt 0:00:00]} 2. e4 {[%emt 0:00:01]} d5 {[%emt 0:00:00]} 3. exd5 {[%emt 0:00:00]} cxd5 {[%emt 0:00:03]} 4. Bd3 {[%emt 0:00:00]} Nf6 {[%emt 0:00:00]} 5. c3 {[%emt 0:00:00]} Nc6 {[%emt 0:00:00]} 6. Bf4 {[%emt 0:00:01]} g6 {[%emt 0:00:00]} 7. Nd2 {[%emt 0:00:01]} Bg7 {[%emt 0:00:00]} 8. Ngf3 {[%emt 0:00:01]} O-O {[%emt 0:00:00]} 9. O-O {[%emt 0:00:00]} Re8 {[%emt 0:00:01]} 10. Re1 {[%emt 0:00:01]} Bg4 {[%emt 0:00:02]} 11. Qb3 {[%emt 0:00:01]} Qc8 {[%emt 0:00:04]} 12. h3 {[%emt 0:00:01]} Be6 {[%emt 0:00:02]} 13. Ne5 {[%emt 0:00:01]} Na5 {[%emt 0:00:01]} 14. Qc2 {[%emt 0:00:02]} Nh5 {[%emt 0:00:02]} 15. Bh2 {[%emt 0:00:01]} Nc6 {[%emt 0:00:01]} 16. Re3 {[%emt 0:00:02]} Bh6 {[%emt 0:00:02]} 17. Re2 {[%emt 0:00:02]} Nf4 {[%emt 0:00:05]} 18. Bxf4 {[%emt 0:00:01]} Bxf4 {[%emt 0:00:00]} 19. Rae1 {[%emt 0:00:02]} Bxe5 {[%emt 0:00:02]} 20. dxe5 {[%emt 0:00:00]} Qc7 {[%emt 0:00:06]} 21. Nf3 {[%emt 0:00:01]} Rac8 {[%emt 0:00:01]} 22. Qd2 {[%emt 0:00:03]} Qd7 {[%emt 0:00:05]} 23. Qh6 {[%emt 0:00:01]} Bf5 {[%emt 0:00:01]} 24. Ng5 {[%emt 0:00:01]} Bxd3 {[%emt 0:00:15]} 25. Qxh7+ {[%emt 0:00:02]} Kf8 {[%emt 0:00:00]} 26. Qxf7# {[%emt 0:00:00] (Lag: Av=0.42s, max=0.8s) (Lag: Av=0.42s, max=0.8s) (Lag: Av=0.42s, max=0.8s)} 1-0

[Event "Stay Safe Play From Home 394"]
[Site "Emanuel Lasker Arena"]
[Date "2020.08.19"]
[Round "1"]
[White "Padmaesh M K"]
[Black "MihailoVujic"]
[Result "0-1"]
[WhiteElo "1942"]
[BlackElo "2119"]
[Annotator "NA"]
[PlyCount "38"]
[EventDate "2020.08.19"]
[EventType "swiss (blitz)"]

1. e4 {[%emt 0:00:01]} e5 {[%emt 0:00:00]} 2. Nf3 {[%emt 0:00:01]} Nc6 {[%emt 0:00:00]} 3. Bc4 {[%emt 0:00:00]} Nf6 {[%emt 0:00:02]} 4. d3 {[%emt 0:00:01]} Be7 {[%emt 0:00:00]} 5. c3 {[%emt 0:00:01]} O-O {[%emt 0:00:00]} 6. O-O {[%emt 0:00:00]} d6 {[%emt 0:00:00]} 7. Nbd2 {[%emt 0:00:02]} Kh8 {[%emt 0:00:00]} 8. Re1 {[%emt 0:00:01]} Ng8 {[%emt 0:00:00]} 9. Nf1 {[%emt 0:00:01]} f5 {[%emt 0:00:00]} 10. Bd2 {[%emt 0:00:07]} f4 {[%emt 0:00:01]} 11. d4 {[%emt 0:00:04]} g5 {[%emt 0:00:02]} 12. dxe5 {[%emt 0:00:02]} dxe5 {[%emt 0:00:01]} 13. Bd5 {[%emt 0:00:01]} g4 {[%emt 0:00:01]} 14. Bxc6 {[%emt 0:00:01]} gxf3 {[%emt 0:00:02]} 15. Bd5 {[%emt 0:00:01]} fxg2 {[%emt 0:00:01]} 16. Kxg2 {[%emt 0:00:04]} f3+ {[%emt 0:00:02]} 17. Kg1 {[%emt 0:00:04]} Bc5 {[%emt 0:00:03]} 18. Ng3 {[%emt 0:00:02]} Qh4 {[%emt 0:00:02]} 19. Be3 {[%emt 0:00:02]} Qh3 {[%emt 0:00:01] Padmaesh M K resigns Padmaesh M K resigns Padmaesh M K resigns (Lag: Av=0.66s, max=1.0s) (Lag: Av=0.66s, max=1.0s) (Lag: Av=0.66s, max=1.0s)} 0-1

[Event "Stay Safe Play From Home 394"]
[Site "Emanuel Lasker Arena"]
[Date "2020.08.19"]
[Round "1"]
[White "Greblah"]
[Black "Tran Minh Thang"]
[Result "0-1"]
[WhiteElo "1851"]
[BlackElo "2475"]
[PlyCount "106"]
[EventDate "2020.08.19"]
[EventType "swiss (blitz)"]

1. e4 {[%emt 0:00:00]} c5 {[%emt 0:00:12]} 2. d4 {[%emt 0:00:01]} cxd4 {[%emt 0:00:01]} 3. Qxd4 {[%emt 0:00:00]} Nc6 {[%emt 0:00:01]} 4. Qd1 {[%emt 0:00:00]} d6 {[%emt 0:00:00]} 5. Nc3 {[%emt 0:00:01]} Nf6 {[%emt 0:00:00]} 6. Nf3 {[%emt 0:00:00]} g6 {[%emt 0:00:01]} 7. Bd3 {[%emt 0:00:00]} Bg7 {[%emt 0:00:00]} 8. O-O {[%emt 0:00:00]} O-O {[%emt 0:00:00]} 9. Be3 {[%emt 0:00:01]} a6 {[%emt 0:00:01]} 10. h3 {[%emt 0:00:01]} b5 {[%emt 0:00:00]} 11. Qd2 {[%emt 0:00:01]} Bb7 {[%emt 0:00:00]} 12. Bh6 {[%emt 0:00:01]} Re8 {[%emt 0:00:02]} 13. Bxg7 {[%emt 0:00:01]} Kxg7 {[%emt 0:00:00]} 14. Nd5 {[%emt 0:00:00]} Nxd5 {[%emt 0:00:02]} 15. exd5 {[%emt 0:00:01]} Ne5 {[%emt 0:00:00]} 16. Nxe5 {[%emt 0:00:01]} dxe5 {[%emt 0:00:00]} 17. c4 {[%emt 0:00:01]} bxc4 {[%emt 0:00:01]} 18. Bxc4 {[%emt 0:00:01]} Qd6 {[%emt 0:00:00]} 19. b3 {[%emt 0:00:01]} Red8 {[%emt 0:00:00]} 20. Rad1 {[%emt 0:00:01]} e6 {[%emt 0:00:00]} 21. Rfe1 {[%emt 0:00:01]} exd5 {[%emt 0:00:01]} 22. Qg5 {[%emt 0:00:01]} f6 {[%emt 0:00:01]} 23. Qd2 {[%emt 0:00:02]} Qc5 {[%emt 0:00:01]} 24. Be2 {[%emt 0:00:01]} d4 {[%emt 0:00:00]} 25. Bf3 {[%emt 0:00:01]} Bxf3 {[%emt 0:00:01]} 26. gxf3 {[%emt 0:00:01]} Rac8 {[%emt 0:00:00]} 27. Qd3 {[%emt 0:00:01]} Qd5 {[%emt 0:00:00]} 28. Qe4 {[%emt 0:00:01]} Qxe4 {[%emt 0:00:01]} 29. fxe4 {[%emt 0:00:01]} Rc2 {[%emt 0:00:00]} 30. f4 {[%emt 0:00:01]} Rdc8 {[%emt 0:00:02]} 31. fxe5 {[%emt 0:00:01]} fxe5 {[%emt 0:00:00]} 32. Rf1 {[%emt 0:00:02]} R8c3 {[%emt 0:00:00]} 33. Rf2 {[%emt 0:00:01]} Rg3+ {[%emt 0:00:01]} 34. Kf1 {[%emt 0:00:01]} Rxf2+ {[%emt 0:00:01]} 35. Kxf2 {[%emt 0:00:01]} Rxh3 {[%emt 0:00:00]} 36. Rc1 {[%emt 0:00:01]} Rc3 {[%emt 0:00:00]} 37. Rd1 {[%emt 0:00:01]} Rc2+ {[%emt 0:00:00]} 38. Kf3 {[%emt 0:00:01]} Rxa2 {[%emt 0:00:00]} 39. Rc1 {[%emt 0:00:01]} Ra3 {[%emt 0:00:01]} 40. Rc7+ {[%emt 0:00:01]} Kf6 {[%emt 0:00:00]} 41. Rb7 {[%emt 0:00:01]} a5 {[%emt 0:00:01]} 42. Kg4 {[%emt 0:00:01]} h5+ {[%emt 0:00:01]} 43. Kh4 {[%emt 0:00:02]} a4 {[%emt 0:00:01]} 44. Rb6+ {[%emt 0:00:01]} Kg7 {[%emt 0:00:01]} 45. Kg5 {[%emt 0:00:01]} Rxb3 {[%emt 0:00:01]} 46. Rxg6+ {[%emt 0:00:01]} Kf7 {[%emt 0:00:00]} 47. Ra6 {[%emt 0:00:01]} a3 {[%emt 0:00:01]} 48. Ra7+ {[%emt 0:00:01]} Ke6 {[%emt 0:00:01]} 49. Ra6+ {[%emt 0:00:01]} Kd7 {[%emt 0:00:00]} 50. Kxh5 {[%emt 0:00:01]} d3 {[%emt 0:00:00]} 51. Kg6 {[%emt 0:00:01]} d2 {[%emt 0:00:01]} 52. Ra7+ {[%emt 0:00:02]} Kc6 {[%emt 0:00:00]} 53. Kf5 {[%emt 0:00:02]} d1=Q {[%emt 0:00:01] Greblah gibt auf Greblah gibt auf Greblah gibt auf (Lag: Av=0.68s, max=0.9s) (Lag: Av=0.68s, max=0.9s) (Lag: Av=0.68s, max=0.9s)} 0-1

[Event "Stay Safe Play From Home 394"]
[Site "Emanuel Lasker Arena"]
[Date "2020.08.19"]
[Round "1"]
[White "Dreamsoldier"]
[Black "Lamborghini"]
[Result "0-1"]
[WhiteElo "1238"]
[BlackElo "2363"]
[PlyCount "46"]
[EventDate "2020.08.19"]
[EventType "swiss (blitz)"]

1. e4 {[%emt 0:00:02]} c5 {[%emt 0:00:01]} 2. Nf3 {[%emt 0:00:00]} d6 {[%emt 0:00:00]} 3. Nc3 {[%emt 0:00:00]} Nf6 {[%emt 0:00:01]} 4. Bb5+ {[%emt 0:00:00]} Bd7 {[%emt 0:00:01]} 5. Be2 {[%emt 0:00:00]} e5 {[%emt 0:00:01]} 6. d3 {[%emt 0:00:00]} Be7 {[%emt 0:00:01]} 7. Bg5 {[%emt 0:00:00]} O-O {[%emt 0:00:00]} 8. Bxf6 {[%emt 0:00:00]} Bxf6 {[%emt 0:00:01]} 9. O-O {[%emt 0:00:00]} Nc6 {[%emt 0:00:00]} 10. h3 {[%emt 0:00:00]} Bg5 {[%emt 0:00:01]} 11. Nxg5 {[%emt 0:00:01]} Qxg5 {[%emt 0:00:02]} 12. Nd5 {[%emt 0:00:00]} Bxh3 {[%emt 0:00:02]} 13. g3 {[%emt 0:00:01]} Bxf1 {[%emt 0:00:02]} 14. Bxf1 {[%emt 0:00:00]} f5 {[%emt 0:00:01]} 15. Bg2 {[%emt 0:00:01]} f4 {[%emt 0:00:01]} 16. Qf3 {[%emt 0:00:02]} Nd4 {[%emt 0:00:01]} 17. Qd1 {[%emt 0:00:03]} f3 {[%emt 0:00:01]} 18. Bh1 {[%emt 0:00:01]} Ne2+ {[%emt 0:00:02]} 19. Kf1 {[%emt 0:00:01]} Qh5 {[%emt 0:00:01]} 20. Ke1 {[%emt 0:00:01]} Qxh1+ {[%emt 0:00:02]} 21. Kd2 {[%emt 0:00:00]} Qh6+ {[%emt 0:00:01]} 22. Ke1 {[%emt 0:00:02]} Rae8 {[%emt 0:00:01]} 23. Qd2 {[%emt 0:00:01]} Qh1# {[%emt 0:00:01] (Lag: Av=0.45s, max=0.8s) (Lag: Av=0.45s, max=0.8s) (Lag: Av=0.45s, max=0.8s)} 0-1

[Event "Stay Safe Play From Home 394"]
[Site "Emanuel Lasker Arena"]
[Date "2020.08.19"]
[Round "2"]
[White "NTBT_DHS"]
[Black "IceQueen"]
[Result "1-0"]
[WhiteElo "2506"]
[BlackElo "2385"]
[PlyCount "65"]
[EventDate "2020.08.19"]
[EventType "swiss (blitz)"]

1. d4 {[%emt 0:00:01]} c5 {[%emt 0:00:00]} 2. c4 {[%emt 0:00:00]} cxd4 {[%emt 0:00:01]} 3. Qxd4 {[%emt 0:00:00]} Nc6 {[%emt 0:00:01]} 4. Qd2 {[%emt 0:00:00]} Nf6 {[%emt 0:00:00]} 5. Nf3 {[%emt 0:00:00]} e5 {[%emt 0:00:00]} 6. Nc3 {[%emt 0:00:00]} Bb4 {[%emt 0:00:01]} 7. e3 {[%emt 0:00:08]} d5 {[%emt 0:00:03]} 8. a3 {[%emt 0:00:01]} Bxc3 {[%emt 0:00:01]} 9. Qxc3 {[%emt 0:00:01]} d4 {[%emt 0:00:01]} 10. Qc2 {[%emt 0:00:02]} O-O {[%emt 0:00:02]} 11. Bd3 {[%emt 0:00:02]} Bg4 {[%emt 0:00:04]} 12. Ng5 {[%emt 0:00:02]} h6 {[%emt 0:00:01]} 13. Nh7 {[%emt 0:00:03]} Nxh7 {[%emt 0:00:02]} 14. Bxh7+ {[%emt 0:00:00]} Kh8 {[%emt 0:00:00]} 15. h3 {[%emt 0:00:01]} Be6 {[%emt 0:00:02]} 16. Be4 {[%emt 0:00:01]} f5 {[%emt 0:00:02]} 17. Bxc6 {[%emt 0:00:01]} bxc6 {[%emt 0:00:00]} 18. O-O {[%emt 0:00:01]} d3 {[%emt 0:00:00]} 19. Qc3 {[%emt 0:00:01]} e4 {[%emt 0:00:00]} 20. b3 {[%emt 0:00:01]} Rb8 {[%emt 0:00:01]} 21. a4 {[%emt 0:00:02]} Qd7 {[%emt 0:00:02]} 22. Ba3 {[%emt 0:00:01]} Rfd8 {[%emt 0:00:01]} 23. Bc5 {[%emt 0:00:01]} Kh7 {[%emt 0:00:01]} 24. Rfd1 {[%emt 0:00:01]} Qf7 {[%emt 0:00:01]} 25. Rd2 {[%emt 0:00:01]} a6 {[%emt 0:00:01]} 26. a5 {[%emt 0:00:01]} f4 {[%emt 0:00:01]} 27. Qe5 {[%emt 0:00:03]} fxe3 {[%emt 0:00:08]} 28. Qxe4+ {[%emt 0:00:00]} Bf5 {[%emt 0:00:02]} 29. Qxe3 {[%emt 0:00:01]} Bg6 {[%emt 0:00:00]} 30. Bb6 {[%emt 0:00:01]} Re8 {[%emt 0:00:01]} 31. Qg3 {[%emt 0:00:04]} Qf6 {[%emt 0:00:00]} 32. Rad1 {[%emt 0:00:01]} Re2 {[%emt 0:00:02]} 33. Qxb8 {[%emt 0:00:02] IceQueen resigns IceQueen resigns IceQueen resigns (Lag: Av=0.55s, max=0.8s) (Lag: Av=0.55s, max=0.8s) (Lag: Av=0.55s, max=0.8s)} 1-0

[Event "Stay Safe Play From Home 394"]
[Site "Emanuel Lasker Arena"]
[Date "2020.08.19"]
[Round "2"]
[White "Lamborghini"]
[Black "Tran Minh Thang"]
[Result "0-1"]
[WhiteElo "2363"]
[BlackElo "2476"]
[PlyCount "78"]
[EventDate "2020.08.19"]
[EventType "swiss (blitz)"]

1. e4 {[%emt 0:00:02]} c5 {[%emt 0:00:01]} 2. Nf3 {[%emt 0:00:01]} e6 {[%emt 0:00:00]} 3. d4 {[%emt 0:00:01]} cxd4 {[%emt 0:00:00]} 4. Nxd4 {[%emt 0:00:00]} a6 {[%emt 0:00:00]} 5. Nc3 {[%emt 0:00:01]} d6 {[%emt 0:00:01]} 6. Be3 {[%emt 0:00:02]} b5 {[%emt 0:00:00]} 7. f3 {[%emt 0:00:01]} Bb7 {[%emt 0:00:00]} 8. Qd2 {[%emt 0:00:00]} Nd7 {[%emt 0:00:00]} 9. O-O-O {[%emt 0:00:01]} Qc7 {[%emt 0:00:00]} 10. g4 {[%emt 0:00:06]} Rc8 {[%emt 0:00:01]} 11. Kb1 {[%emt 0:00:02]} Ne5 {[%emt 0:00:01]} 12. g5 {[%emt 0:00:02]} h6 {[%emt 0:00:04]} 13. g6 {[%emt 0:00:03]} Nxg6 {[%emt 0:00:01]} 14. Rg1 {[%emt 0:00:01]} Ne5 {[%emt 0:00:01]} 15. f4 {[%emt 0:00:01]} Nc4 {[%emt 0:00:00]} 16. Bxc4 {[%emt 0:00:01]} Qxc4 {[%emt 0:00:00]} 17. f5 {[%emt 0:00:01]} e5 {[%emt 0:00:01]} 18. Nb3 {[%emt 0:00:01]} b4 {[%emt 0:00:03]} 19. Nd5 {[%emt 0:00:03]} Bxd5 {[%emt 0:00:01]} 20. exd5 {[%emt 0:00:01]} Nf6 {[%emt 0:00:01]} 21. Na5 {[%emt 0:00:01]} Qb5 {[%emt 0:00:03]} 22. Nc6 {[%emt 0:00:03]} Nxd5 {[%emt 0:00:04]} 23. Qxd5 {[%emt 0:00:00]} Qxd5 {[%emt 0:00:01]} 24. Rxd5 {[%emt 0:00:02]} Rxc6 {[%emt 0:00:00]} 25. Rg3 {[%emt 0:00:06]} f6 {[%emt 0:00:10]} 26. Rg4 {[%emt 0:00:01]} Kf7 {[%emt 0:00:00]} 27. Rxb4 {[%emt 0:00:01]} Be7 {[%emt 0:00:02]} 28. Rb7 {[%emt 0:00:01]} Rhc8 {[%emt 0:00:01]} 29. c3 {[%emt 0:00:01]} R8c7 {[%emt 0:00:00]} 30. Rb4 {[%emt 0:00:02]} g6 {[%emt 0:00:01]} 31. fxg6+ {[%emt 0:00:02]} Kxg6 {[%emt 0:00:00]} 32. Rg4+ {[%emt 0:00:01]} Kf5 {[%emt 0:00:00]} 33. Rh4 {[%emt 0:00:01]} Ke6 {[%emt 0:00:00]} 34. Rd1 {[%emt 0:00:01]} f5 {[%emt 0:00:03]} 35. Rg1 {[%emt 0:00:00]} Bxh4 {[%emt 0:00:01]} 36. Rg6+ {[%emt 0:00:00]} Bf6 {[%emt 0:00:00]} 37. Rxh6 {[%emt 0:00:00]} Rg7 {[%emt 0:00:01]} 38. Bg5 {[%emt 0:00:00]} Rxg5 {[%emt 0:00:00]} 39. Rxf6+ {[%emt 0:00:01]} Kxf6 {[%emt 0:00:01] Lamborghini gibt auf Lamborghini gibt auf Lamborghini gibt auf (Lag: Av=0.74s, max=1.3s) (Lag: Av=0.74s, max=1.3s) (Lag: Av=0.74s, max=1.3s)} 0-1

[Event "Stay Safe Play From Home 394"]
[Site "Emanuel Lasker Arena"]
[Date "2020.08.19"]
[Round "2"]
[White "MihailoVujic"]
[Black "Mepe_Nika"]
[Result "0-1"]
[WhiteElo "2128"]
[BlackElo "2367"]
[PlyCount "124"]
[EventDate "2020.08.19"]
[EventType "swiss (blitz)"]

1. e4 {[%emt 0:00:01]} c6 {[%emt 0:00:01]} 2. d4 {[%emt 0:00:00]} d5 {[%emt 0:00:00]} 3. f3 {[%emt 0:00:00]} dxe4 {[%emt 0:00:01]} 4. fxe4 {[%emt 0:00:00]} e5 {[%emt 0:00:00]} 5. Nf3 {[%emt 0:00:00]} Bg4 {[%emt 0:00:01]} 6. Bc4 {[%emt 0:00:00]} Nd7 {[%emt 0:00:00]} 7. c3 {[%emt 0:00:00]} Bd6 {[%emt 0:00:00]} 8. Qb3 {[%emt 0:00:03]} Qe7 {[%emt 0:00:01]} 9. Qxb7 {[%emt 0:00:00]} Rb8 {[%emt 0:00:00]} 10. Qxc6 {[%emt 0:00:01]} Bxf3 {[%emt 0:00:00]} 11. gxf3 {[%emt 0:00:01]} Ngf6 {[%emt 0:00:01]} 12. Bg5 {[%emt 0:00:02]} O-O {[%emt 0:00:01]} 13. Rg1 {[%emt 0:00:02]} Rfc8 {[%emt 0:00:02]} 14. Qa4 {[%emt 0:00:01]} Nb6 {[%emt 0:00:04]} 15. Bxf7+ {[%emt 0:00:03]} Qxf7 {[%emt 0:00:03]} 16. Qb3 {[%emt 0:00:01]} Nc4 {[%emt 0:00:03]} 17. Qa4 {[%emt 0:00:03]} Nxb2 {[%emt 0:00:02]} 18. Qa6 {[%emt 0:00:02]} Nc4 {[%emt 0:00:03]} 19. Nd2 {[%emt 0:00:02]} Nxd2 {[%emt 0:00:04]} 20. Kxd2 {[%emt 0:00:00]} Rd8 {[%emt 0:00:11]} 21. Rab1 {[%emt 0:00:05]} Rxb1 {[%emt 0:00:02]} 22. Rxb1 {[%emt 0:00:01]} exd4 {[%emt 0:00:01]} 23. cxd4 {[%emt 0:00:01]} Be5 {[%emt 0:00:02]} 24. d5 {[%emt 0:00:02]} h6 {[%emt 0:00:01]} 25. Be3 {[%emt 0:00:03]} Nxd5 {[%emt 0:00:02]} 26. exd5 {[%emt 0:00:02]} Qxd5+ {[%emt 0:00:00]} 27. Ke1 {[%emt 0:00:01]} Kh8 {[%emt 0:00:03]} 28. Qe2 {[%emt 0:00:03]} Bxh2 {[%emt 0:00:02]} 29. Rd1 {[%emt 0:00:01]} Qxd1+ {[%emt 0:00:01]} 30. Qxd1 {[%emt 0:00:01]} Rxd1+ {[%emt 0:00:00]} 31. Kxd1 {[%emt 0:00:00]} a6 {[%emt 0:00:00]} 32. Ke2 {[%emt 0:00:01]} Bd6 {[%emt 0:00:01]} 33. Kd3 {[%emt 0:00:01]} Kg8 {[%emt 0:00:00]} 34. Kc4 {[%emt 0:00:00]} Kf7 {[%emt 0:00:00]} 35. Kd5 {[%emt 0:00:00]} Be7 {[%emt 0:00:01]} 36. Kc6 {[%emt 0:00:00]} g5 {[%emt 0:00:00]} 37. Kb6 {[%emt 0:00:01]} h5 {[%emt 0:00:00]} 38. Kxa6 {[%emt 0:00:01]} h4 {[%emt 0:00:00]} 39. Bg1 {[%emt 0:00:01]} h3 {[%emt 0:00:01]} 40. Bh2 {[%emt 0:00:01]} Ke6 {[%emt 0:00:00]} 41. Kb6 {[%emt 0:00:01]} Bd6 {[%emt 0:00:00]} 42. f4 {[%emt 0:00:01]} Bxf4 {[%emt 0:00:01]} 43. Bg1 {[%emt 0:00:00]} g4 {[%emt 0:00:00]} 44. a4 {[%emt 0:00:02]} g3 {[%emt 0:00:00]} 45. Be3 {[%emt 0:00:00]} Bxe3+ {[%emt 0:00:01]} 46. Kb7 {[%emt 0:00:00]} g2 {[%emt 0:00:00]} 47. a5 {[%emt 0:00:00]} g1=Q {[%emt 0:00:00]} 48. a6 {[%emt 0:00:00]} h2 {[%emt 0:00:00]} 49. a7 {[%emt 0:00:00]} h1=Q+ {[%emt 0:00:00]} 50. Kb8 {[%emt 0:00:01]} Bxa7+ {[%emt 0:00:00]} 51. Kc8 {[%emt 0:00:01]} Qg8+ {[%emt 0:00:01]} 52. Kc7 {[%emt 0:00:01]} Qc6+ {[%emt 0:00:01]} 53. Kxc6 {[%emt 0:00:01]} Qc8+ {[%emt 0:00:00]} 54. Kb5 {[%emt 0:00:00]} Qb8+ {[%emt 0:00:00]} 55. Ka4 {[%emt 0:00:00]} Qb6 {[%emt 0:00:00]} 56. Ka3 {[%emt 0:00:00]} Qb7 {[%emt 0:00:00]} 57. Ka2 {[%emt 0:00:00]} Qb6 {[%emt 0:00:00]} 58. Ka1 {[%emt 0:00:00]} Qb5 {[%emt 0:00:00]} 59. Ka2 {[%emt 0:00:00]} Kd5 {[%emt 0:00:00]} 60. Ka1 {[%emt 0:00:00]} Kc4 {[%emt 0:00:00]} 61. Ka2 {[%emt 0:00:00]} Kc3 {[%emt 0:00:00]} 62. Ka1 {[%emt 0:00:00]} Qb2# {[%emt 0:00:00] (Lag: Av=0.55s, max=0.8s) (Lag: Av=0.55s, max=0.8s) (Lag: Av=0.55s, max=0.8s)} 0-1